101 Countries - Highest points - Statistics

General Stats
  • This quiz has been taken 29 times
  • The average score is 43 of 101
Answer Stats
Hint Answer % Correct
8848 m Mount Everest China
95%
8848 m Mount Everest Nepal
91%
8586 m Kangchenjunga India
86%
5199 m Mount Kenya Kenya
86%
7570 m Gangkhar Puensum Bhutan
82%
4810 m Mont Blanc France
82%
3776 m Mount Fuji Japan
82%
8611 m K2 Pakistan
82%
5892 m Kilimanjaro Tanzania
82%
4040 m Mount Cameroon Cameroon
77%
2917 m Mount Olympus Greece
77%
3724 m Aoraki / Mount Cook New Zealand
77%
5959 m Mount Logan Canada
73%
5700 m Pico Simón Bolívar Colombia
73%
4810 m Monte Bianco Italy
73%
6190.5 m Denali United States
73%
4978 m Pico Bolívar Venezuela
73%
7492 m Noshakh Afghanistan
68%
6960 m Aconcagua Argentina
68%
6893 m Ojos del Salado Chile
68%
3700 m Gunnbjørn Fjeld Denmark/Greenland
68%
5636 m Volcán Citlaltépetl Mexico
68%
5642 m Mount Elbrus Russia
68%
5137 m Mount Ararat Turkey
68%
6267 m Chimborazo Ecuador
64%
7439 m Jengish Chokusu Kyrgyzstan
64%
6768 m Huascarán Peru
64%
3798 m Grossglockner Austria
59%
6542 m Sajama Bolivia
59%
2962 m Zugspitze Germany
59%
4884 m Puncak Jaya Indonesia
59%
7010 m Khan Tengri Kazakhstan
59%
2469 m Galdhøpiggen Norway
59%
7495 m Ismoil Somoni Peak Tajikistan
59%
5201 m Shkhara Georgia
55%
4634 m Dufourspitze Switzerland
55%
3952 m Yu Shan Taiwan
55%
5109 m Mount Stanley Democratic republic of the Congo
50%
2655 m Gerlachovský štít Slovakia
50%
4643 m Khazret Sultan Uzbekistan
50%
2995 m Pico da Neblina Brazil
45%
5610 m Damavand Iran
45%
2599 m Grauspitz Liechtenstein
45%
4165 m Jbel Toubkal Morocco
45%
5881 m Hkakabo Razi Myanmar
45%
2954 m Mount Apo on Mindanao Philippines
45%
2544 m Moldoveanu Romania
45%
3715 m Teide Spain
45%
5109 m Mount Stanley Uganda
45%
4095 m Gunung Kinabalu Malaysia
41%
4374 m Khüiten Peak Mongolia
41%
2744 m Paektu-san North Korea
41%
4509 m Mount Wilhelm Papua New Guinea
41%
2864 m Triglav Slovenia
41%
3143 m Fan Si Pan Vietnam
41%
3666 m Jabal An-Nabi Shu'ayb Yemen
41%
2942 m Coma Pedrosa Andorra
36%
4090 m Mount Aragats Armenia
36%
4485 m Mount Bazardüzü Azerbaijan
36%
3820 m Cerro Chirripó Costa Rica
36%
4220 m Volcán Tajumulco Guatemala
36%
4507 m Mount Karisimbi Rwanda
36%
2817 m Phou Bia Laos
32%
3482 m Thabana Ntlenyana Lesotho
32%
2814 m Jabal el-Sheikh Syria
32%
3098 m Pico Duarte Dominican Republic
27%
4550 m Ras Dejen Ethiopia
27%
3475 m Volcán Barú Panama
27%
3450 m Mafadi South Africa
27%
3611 m Cheekha Dar Iraq
23%
3088 m Qurnat as Sawda Lebanon
23%
3009 m Jabal Shams Oman
23%
3000 m Jabal Sawda Saudi Arabia
23%
3139 m Aýrybaba Turkmenistan
23%
2925 m Musala Bulgaria
18%
2829 m Pico do Fogo Cape Verde
18%
3445 m Emi Koussi Chad
18%
3008 m Pico Basile Equatorial Guinea
18%
2772 m Mount Roraima Guyana
18%
2870 m Cerro Las Minas Honduras
18%
2876 m Maromokotro Madagascar
18%
2534 m Zla Kolata Montenegro
18%
2573 m Königstein Namibia
18%
2499 m Northwestern peak of Rysy Poland
18%
2764 m Korab Albania
14%
3003 m Mount Tahat Algeria
14%
2730 m Cerro El Pital El Salvador
14%
2660 m Velika Rudoka Kosovo
14%
3002 m Mount Mulanje Malawi
14%
2764 m Golem Korab North Macedonia
14%
3187 m Kinyeti South Sudan
14%
2565 m Doi Inthanon Thailand
14%
2620 m Mount Moco Angola
9%
2684 m Mount Heha Burundi
9%
2963 m Mount Ramelau East Timor
9%
2680 m Pic la Selle Haiti
9%
3042 m Deriba Caldera Sudan
9%
2629 m Mount Catherine Egypt
5%
3018 m Emba Soira Eritrea
5%
2524 m Pidurutalagala Sri Lanka
5%
2592 m Mount Nyangani Zimbabwe
5%
No matching quizzes found
Score Distribution
Percent of People with Each Score
Percentile by Number Answered
Your Score History
You have not taken this quiz